000 01271nam a2200217Ia 4500
003 Ost
005 20260507075556.0
008 260507s9999||||xx |||||||||||||| ||und||
020 _a9773830209
040 _cfsecg
041 _aara
082 _a330
100 _aمدحت، محمد ابو النصر
_eمؤلف
245 0 _aبناء وتدعيم الولاء المؤسسي لدى العاملين داخل المنظمة /
_c محمد ابو النصر مدحت
260 _aالقاهرة:
_bايتراك للطباعة والنشر والتوزيع,
_c2005
300 _a141 صفحة؛
_bإيضاحات ؛
_c24 سم
520 _aبداية الاهتمام بموضوع الولاء المؤسسي و التطور التاريخي لذلك اضافة الى ماهية الولاء المؤسسي , المؤشرات و الاساليب و المبادئ و كذا مراحل بناء و تدعيم الولاء المؤسي و النتائج المترتبة و كذا طرق بناء و تدعيم الولاء المؤسي اضافة الى تجارب ناجحة في بناء و تدعيم الولاء المؤسي و اخيرا استقصاء و حالات دراسية.
653 _aالمؤسسة
653 _aالمنظمة
942 _cكتاب
999 _c44968
_d44968